| 000 | 00855nam a2200265 i 4500 | ||
|---|---|---|---|
| 003 | DO-SdBNP | ||
| 005 | 20240625081725.0 | ||
| 006 | a||||gr|||| 00| 0 | ||
| 007 | ta | ||
| 008 | 240624t1991 sp ||||| |||| 00| f spa d | ||
| 020 | _a8479691840 | ||
| 040 |
_aDO-SdBNP _bspa _cBNPHU _erda |
||
| 082 | 4 |
_222 _bV935h |
|
| 100 | 1 |
_aVoltaire. _q(François Marie Arouet), _d1694-1778 _4autor _94533 |
|
| 245 | 1 | 3 |
_aEl hombre de los cuarenta escudos / _cvoltaire, editor, Germán Sánchez Ruipérez. |
| 264 | 4 |
_a[Madrid, España] : _bCátedra, _c1991 |
|
| 300 |
_a93 Páginas ; _c18 cm. |
||
| 336 |
_2rdacontent _atexto _btxt |
||
| 337 |
_2rdamedia _asin mediación _bn |
||
| 338 |
_2rdacarrier _avolumen _bnc |
||
| 490 |
_aBiblioteca El Sol ; _v157 |
||
| 590 | _aInventariado 2024 / MF | ||
| 700 | 1 |
_aSánchez Ruipérez, Germán, _970008 _eeditor |
|
| 942 |
_2ddc _cLBS1 |
||
| 999 |
_c56954 _d56954 |
||